000
00337cam a2200145ua 4500
041
_a
eng
_h
082
_a
821
_b
HOM/IL
100
_a
Homer, .
245
_a
Iliad of Homer /
_c
Homer.
_h
Textual Documents
260
_a
London :
_b
Oxford University Press ,
_c
1959.
300
_a
502 ; .
504
_a
942
_c
BK
999
_c
885
_d
885